Die beliebtesten Jungen Vornamen 1900 - 1909 - Statistiken

Allgemein
  • Dieses Quiz wurde 198 mal gespielt
  • Das Durchschnittsergebnis liegt bei 31 aus 80
Antwortstatistiken
Platz ♂ Name % Korrekt
3. Hans
80%
2. Karl
77%
11. Friedrich
74%
24. Adolf
73%
25. Johann
73%
8. Paul
71%
5. Heinrich
70%
44. Peter
69%
4. Wilhelm
67%
20. Johannes
62%
6. Otto
62%
17. Fritz
60%
42. Heinz
60%
15. Franz
59%
26. Albert
57%
33. Josef
56%
38. Ludwig
56%
22. Gustav
52%
1. Walter
52%
46. Martin
51%
23. Werner
51%
21. Max
50%
72. Wolfgang
50%
14. Alfred
49%
37. Gerhard
49%
61. Christian
48%
27. Georg
48%
16. Herbert
48%
51. Günther
47%
58. Klaus
47%
66. Anton
46%
7. Hermann
46%
36. Bernhard
45%
13. Erich
44%
32. Helmut
43%
43. Theodor
43%
9. Ernst
42%
19. Richard
42%
10. Willi
42%
79. Stefan
41%
12. Kurt
40%
28. Emil
39%
18. Rudolf
39%
76. Horst
37%
68. Alexander
36%
52. Konrad
36%
35. Erwin
34%
34. Robert
33%
77. Andreas
30%
31. August
30%
55. Ferdinand
30%
71. Rolf
30%
74. Jakob
29%
65. Joachim
29%
45. Oskar
28%
41. Julius
27%
78. Hubert
26%
30. Bruno
25%
80. Leopold
25%
57. John
24%
64. Alfons
23%
59. Berthold
22%
69. Edgar
21%
47. Eduard
19%
40. Hugo
16%
56. Reinhold
16%
73. Arno
14%
75. Felix
14%
39. Henry
14%
29. Arthur
13%
50. Ewald
13%
48. Alwin
11%
60. Harry
11%
49. Waldemar
11%
54. Arnold
10%
70. Eugen
9%
62. Edmund
5%
63. Hinrich
5%
53. Johnny
2%
67. Toni
2%
Keine übereinstimmenden Quizze gefunden
Verteilung der Resultate
Anzahl Personen mit jedem Resultat
Perzentil nach korrekt beantworteten Fragen
Ihre Resultats-Entwicklung
Sie haben dieses Quiz noch nicht gespielt